50 Years of Pakistan in Statistics (Record no. 2628)
[ view plain ]
| 000 -LEADER | |
|---|---|
| fixed length control field | 00463nam a22001937a 4500 |
| 003 - CONTROL NUMBER IDENTIFIER | |
| control field | NUST |
| 005 - DATE AND TIME OF LATEST TRANSACTION | |
| control field | 20220211102053.0 |
| 008 - FIXED-LENGTH DATA ELEMENTS--GENERAL INFORMATION | |
| fixed length control field | 170810b xxu||||| |||| 00| 0 eng d |
| 038 ## - RECORD CONTENT LICENSOR | |
| Staff Name | waseem |
| 040 ## - CATALOGING SOURCE | |
| Transcribing agency | 0 |
| 082 ## - DEWEY DECIMAL CLASSIFICATION NUMBER | |
| Classification number | 330.95491021 |
| 100 ## - MAIN ENTRY--PERSONAL NAME | |
| Personal name | Federal Bureau of Statistics |
| 9 (RLIN) | 3895 |
| 245 ## - TITLE STATEMENT | |
| Title | 50 Years of Pakistan in Statistics |
| 250 ## - EDITION STATEMENT | |
| Edition statement | Vol No. III |
| 260 ## - PUBLICATION, DISTRIBUTION, ETC. | |
| Place of publication, distribution, etc. | Karachi |
| Name of publisher, distributor, etc. | Printing FBS |
| Date of publication, distribution, etc. | 1998 |
| 300 ## - PHYSICAL DESCRIPTION | |
| Extent | 400p |
| 563 ## - BINDING INFORMATION | |
| Binding note | HBK. |
| 942 ## - ADDED ENTRY ELEMENTS (KOHA) | |
| Koha item type | Book |
| Source of classification or shelving scheme | |
| Withdrawn status | Lost status | Source of classification or shelving scheme | Damaged status | Not for loan | Permanent Location | Current Location | Shelving location | Date acquired | Full call number | Barcode | Date last seen | Price effective from | Koha item type |
|---|---|---|---|---|---|---|---|---|---|---|---|---|---|
| Central Library (CL) | Central Library (CL) | Reference | 03/09/2016 | 330.95491021 FIF | S3H-N-302 | 03/09/2016 | 03/09/2016 | Book |
